000 00708nam a2200217Ia 4500
001 20116
003 GE_BSU
008 181216s||||||||xx |||||||||||||| ||und||
040 _cGE_BSU
245 _aВестник Древней истории 4 Октябрь-ноябрь-декабрь 2016
245 _bJournal of ancient history
245 _cГл. ред. А.И.Иванчук и др.
260 _aМосква
260 _bНаука
260 _c2016
300 _a853-1088стр.23см.
653 _aВестник Древней истории. 4 Октябрь-ноябрь-декабрь 2016
653 _aПериодика
653 _aპერიოდიკა
942 _cCR
999 _c53078
_d53078